On This Day: October 15th Quiz Stats

Quiz Updated Oct 15, 2017

Challenge
Share
Tweet
Embed
Score 0/7 Timer 03:00
1 Play Today
Question Answer Wrong Answers
The first episode of this American TV sitcom, which stars Lucille Ball and Desi Arnaz, airs on CBS.
1951
I Love Lucy
94.1%
The Honeymooners
1.5%
The Real McCoys
1.3%
Leave It to Beaver
1%
This man becomes the all-time leading points scorer in the NHL.
1989
Wayne Gretzky
90.2%
Mario Lemieux
3.3%
Mark Messier
2.2%
Steve Yzerman
1.8%
This nation launches Shenzhou 5, its first manned space mission.
2003
China
82.7%
Japan
9.9%
India
3.7%
Mongolia
1.1%
Emperor Napoleon I begins his exile on ______ in the Atlantic Ocean.
1815
Saint Helena
80%
Tenerife
6.3%
La Palma
10.6%
La Gomera
3%
This German philosopher, cultural critic, and poet, whose work has had a profound influence on Western philosophy, is born.
1844
Friedrich Nietzsche
61.1%
Sigmund Freud
15.5%
Immanuel Kant
17.4%
René Descartes
5%
The New York Municipal Airport, today known as ______ Airport, is dedicated.
1939
LaGuardia
60.4%
JFK International
36.6%
Long Island MacArthur
0.7%
Plattsburgh International
0.4%
The Soviet Republic of China collapses when this man’s National Revolutionary Army successfully encircles Ruijin, forcing fleeing Communists to begin the Long March.
1934
Chiang Kai-shek
40.3%
Mao Zedong
51.9%
Deng Xiaoping
4.9%
Lin Biao
1.3%

Today's Daily Dose

Missing Word
NPR Programs

Quick Pick
1991 Events

On This Day
June 18th II

You're not logged in!

Compare scores with friends on all Sporcle quizzes.
Join for Free
OR
Log In

You Might Also Like...

Show Comments

Extras

Top Quizzes Today


Score Distribution

Your Account Isn't Verified!

In order to create a playlist on Sporcle, you need to verify the email address you used during registration. Go to your Sporcle Settings to finish the process.

Report this User

Report this user for behavior that violates our Community Guidelines.

Details: